|
|
|
|
| LEADER |
00000cam a22000004a 4500 |
| 001 |
musev2_17830 |
| 003 |
MdBmJHUP |
| 005 |
20230905041925.0 |
| 006 |
m o d |
| 007 |
cr||||||||nn|n |
| 008 |
071029s2008 flu o 00 0 eng d |
| 020 |
|
|
|a 9780813045993
|
| 020 |
|
|
|z 0813032067
|
| 020 |
|
|
|z 9780813032061
|
| 035 |
|
|
|a (OCoLC)801844684
|
| 040 |
|
|
|a MdBmJHUP
|c MdBmJHUP
|
| 100 |
1 |
|
|a Whalan, Mark,
|d 1974-
|
| 245 |
1 |
4 |
|a The Great War and the Culture of the New Negro /
|c Mark Whalan.
|
| 264 |
|
1 |
|a Gainesville :
|b University Press of Florida,
|c 2008.
|
| 264 |
|
3 |
|a Baltimore, Md. :
|b Project MUSE,
|c 2013
|
| 264 |
|
4 |
|c ©2008.
|
| 300 |
|
|
|a 1 online resource (336 pages).
|
| 336 |
|
|
|a text
|b txt
|2 rdacontent
|
| 337 |
|
|
|a computer
|b c
|2 rdamedia
|
| 338 |
|
|
|a online resource
|b cr
|2 rdacarrier
|
| 505 |
0 |
|
|a "Civilization has met its Waterloo" : the Great War, race, and the canon -- "Over there" -- The Great War and the new negro politics of gender -- "How did they pick John Doe?" : memory, memorial, and the African American Great War.
|
| 588 |
|
|
|a Description based on print version record.
|
| 650 |
|
0 |
|a World War, 1914-1918
|x African Americans.
|
| 650 |
|
0 |
|a World War, 1914-1918
|x Literature and the war.
|
| 650 |
|
0 |
|a African Americans
|x Social conditions
|y To 1964.
|
| 650 |
|
0 |
|a American literature
|x African American authors
|x History and criticism.
|
| 655 |
|
7 |
|a Electronic books.
|2 local
|
| 710 |
2 |
|
|a Project Muse.
|
| 710 |
2 |
|
|a Project Muse.
|e distributor
|
| 830 |
|
0 |
|a Book collections on Project MUSE.
|
| 856 |
4 |
0 |
|z Texto completo
|u https://projectmuse.uam.elogim.com/book/17830/
|
| 945 |
|
|
|a Project MUSE - Custom Collection
|
| 945 |
|
|
|a Project MUSE - Archive Complete Supplement
|
| 945 |
|
|
|a Project MUSE - Archive Literature Supplement
|
| 945 |
|
|
|a Project MUSE - Archive American Studies Foundation
|